|
|
|
|
| LEADER |
01052nam a2200385 4500 |
| 001 |
DLU110120814 |
| 005 |
##20110506 |
| 008 |
##080624r20081994nyua fj 000 1 eng |
| 010 |
# |
# |
|a 2008028398
|
| 020 |
# |
# |
|a 0143105507
|
| 020 |
# |
# |
|a 0785799540
|
| 020 |
# |
# |
|a 9780143105503
|
| 020 |
# |
# |
|a 9780785799542
|
| 020 |
# |
# |
|z 014023313X
|
| 035 |
# |
# |
|a (OCoLC)54835987
|z (OCoLC)223803226
|z (OCoLC)228130965
|
| 035 |
# |
# |
|a (OCoLC)ocm54835987
|
| 040 |
# |
# |
|a DLC
|c DLC
|d DLC
|
| 082 |
# |
# |
|a 813
|b SH-C
|
| 100 |
# |
# |
|a Shields, Carol.
|
| 245 |
# |
# |
|a The stone diaries /
|c Carol Shields ; introduction by Penelope Lively.
|
| 260 |
# |
# |
|a New York :
|b Penguin Books,
|c 2008.
|
| 300 |
# |
# |
|a 361, 10 p., [8] p. of plates :
|b ill., geneal. table ;
|c 20 cm.
|
| 650 |
# |
# |
|a Women
|x Fiction.
|
| 655 |
# |
# |
|a Domestic fiction.
|2 lcsh
|
| 923 |
# |
# |
|a 01/2011NN
|
| 991 |
# |
# |
|a SH
|
| 992 |
# |
# |
|a 0
|
| 994 |
# |
# |
|a KNN
|
| 900 |
# |
# |
|a True
|
| 911 |
# |
# |
|a Đào Thị Thu Huyền
|
| 925 |
# |
# |
|a G
|
| 926 |
# |
# |
|a A
|
| 927 |
# |
# |
|a SH
|
| 980 |
# |
# |
|a Thư viện Trường Đại học Đà Lạt
|